Missing Word: The Maze Runner Books Quiz Stats

 Plays Quiz not verified by Sporcle

Score 0/5 Timer 01:30
0 Plays Today
Book Missing Word % Correct
The ____ RunnerMaze
96.8%
The Scorch ____Trials
82.3%
The ____ CureDeath
76.5%
The Kill ____Order
63.7%
The ____ CodeFever
56.1%

You're not logged in!

Compare scores with friends on all Sporcle quizzes.
OR
Log In

You Might Also Like...

Show Comments

Extras

Top Quizzes Today


Score Distribution

Your Account Isn't Verified!

In order to create a playlist on Sporcle, you need to verify the email address you used during registration. Go to your Sporcle Settings to finish the process.

Report this User

Report this user for behavior that violates our Community Guidelines.

Details: